00784cam a22002531 4500001001300000003000400013005001700017008004100034010001700075035002000092040001900112042001200131050001500143060002300158100003300181245008400214260005900298300001700357500001800374500005200392504003400444700003500478999001700513ca 34001540 DLC20260227111134.0811121s1934 xx a 000 0 eng  aca 34001540  a(OCoLC)14733491 aDLCcDNLMdDLC apremarc00aRE939b.M30 aWW 300bM182c 19341 aMadigan, Leo Francis,d1895-10aClinical treatment of aniseikonia,cby Leo F. Madigan and Elmer H. Carleton ... aSouthbridge, Mass.,bAmerican optical company,cc1934. a111 l.bill. aMimeographed. aCase record envelope mounted on numb. leaf 106. aBibliography: numb. leaf 111.1 aCarleton, Elmer Howard,d1868- c17548d17548